messier - Tate McRae - Statistics

General Stats
  • This quiz has been taken 20 times
  • The average score is 349 of 449
Answer Stats
% Correct
a
100%
I
100%
me,
100%
me
100%
you
100%
you?
100%
You
100%
and
94%
And
94%
do
94%
I'm
94%
"I'm
94%
it
94%
it,
94%
Make
94%
make
94%
mess,
94%
so
94%
So
94%
who
94%
you're
94%
You're
94%
be
88%
can
88%
'Cause,
88%
'Cause
88%
'cause
88%
in
88%
is
88%
know
88%
messier,
88%
messier
88%
my
88%
oh
88%
Oh,
88%
(Oh
88%
one
88%
only
88%
Tell
88%
tell
88%
that
88%
that?
88%
the
88%
The
88%
time,
88%
time
88%
to
88%
We
88%
could
81%
don't
81%
for
81%
How
81%
I'll
81%
Just
81%
lie,
81%
lie
81%
no
81%
of
81%
Say
81%
say
81%
somethin'
81%
already
75%
baby,
75%
blood
75%
boil
75%
circles
75%
cry,
75%
cry?
75%
done"
75%
every
75%
five,
75%
five
75%
good
75%
happens
75%
hours
75%
hurt
75%
I'd
75%
if
75%
It's
75%
it's
75%
look
75%
love
75%
never
75%
not
75%
Not
75%
shit
75%
sour
75%
Still,
75%
talk
75%
this
75%
till
75%
two
75%
us
75%
wait
75%
was
75%
we're
75%
were
75%
We're
75%
alive
69%
always
69%
babe,
69%
both
69%
burnin'
69%
Can't
69%
day
69%
eyes
69%
gonna
69%
last
69%
Now
69%
said
69%
today
69%
Which
69%
would
69%
yours
69%
all
63%
at
63%
Back
63%
believe
63%
call
63%
checked
63%
Couldn't
63%
cut
63%
die
63%
er
63%
er,
63%
goin'
63%
gut,
63%
into
63%
like
63%
out,
63%
possessive
63%
punch
63%
safe
63%
sorry
63%
straight
63%
too
63%
uh
63%
arm
56%
care
56%
else
56%
else,
56%
fine
56%
fool
56%
forth,
56%
less
56%
lookin'
56%
mom
56%
our
56%
outside,
56%
pullin'
56%
rather
56%
right
56%
runnin'
56%
sayin',
56%
second
56%
stuck
56%
sure
56%
Then
56%
There's
56%
thought
56%
walkin'
56%
worst
56%
why'd
50%
might
44%
more
44%
pride
44%
restaurant
44%
wantin'
38%
ooh)
25%
donе
6%
thе
6%
No matching quizzes found
Score Distribution
Percent of People with Each Score
Percentile by Number Answered
Your Score History
You have not taken this quiz